| 000 -CABECERA |
| Longitud fija campo de control |
00966cas a22002417a 4500 |
| 003 - IDENTIFICADOR DEL NÚMERO DE CONTROL |
| Identificador del número de control |
OSt |
| 005 - FECHA Y HORA DE LA ÚLTIMA TRANSACCIÓN |
| Fecha y hora de la última transacción |
20170123161057.0 |
| 008 - CÓDIGOS DE INFORMACIÓN DE LONGITUD FIJA |
| Códigos de información de longitud fija |
170123s2016 sp ao y 000 0 spa d |
| 020 ## - NÚMERO INTERNACIONAL NORMALIZADO PARA LIBROS |
| Número Internacional Normalizado para Libros (ISBN) |
9788408152798 |
| 040 ## - FUENTE DE LA CATALOGACIÓN |
| Lengua de catalogación |
cat |
| Centro transcriptor |
CDMR |
| 245 03 - MENCIÓN DE TÍTULO |
| Título |
La Sociedad de la información en España |
| Medio |
[Recurs electrònic] |
| 260 ## - PUBLICACIÓN, DISTRIBUCIÓN, ETC. (PIE DE IMPRENTA) |
| Lugar de publicación, distribución, etc. |
Madrid : |
| Nombre del editor, distribuidor, etc. |
Fundación Telefónica ; |
| Lugar de publicación, distribución, etc. |
Barcelona : |
| Nombre del editor, distribuidor, etc. |
Ariel, |
| Fecha de publicación, distribución, etc. |
2005- |
| 310 ## - PERIODICIDAD ACTUAL |
| Periodicidad actual |
anual |
| 362 0# - FECHAS DE PUBLICACIÓN Y/O DESIGNACIÓN SECUENCIAL |
| Fecha de publicación y/o designación secuencial |
2006- |
| 530 ## - NOTA DE FORMATO FÍSICO ADICIONAL DISPONIBLE |
| Nota de formato físico adicional disponible |
També es publica en versió impresa |
| 650 07 - PUNTO DE ACCESO ADICIONAL DE MATERIA - TÉRMINO DE MATERIA |
| Término de materia o nombre geográfico como elemento inicial |
Societat de la informació |
| Subdivisión geográfica |
Espanya |
| Fuente del encabezamiento o término |
lemac |
| 9 (RLIN) |
3156 |
| 650 #7 - PUNTO DE ACCESO ADICIONAL DE MATERIA - TÉRMINO DE MATERIA |
| Término de materia o nombre geográfico como elemento inicial |
Internet |
| Subdivisión de materia general |
Aspectes socials |
| Subdivisión geográfica |
Espanya |
| Fuente del encabezamiento o término |
lemac |
| 9 (RLIN) |
3902 |
| 650 #7 - PUNTO DE ACCESO ADICIONAL DE MATERIA - TÉRMINO DE MATERIA |
| Término de materia o nombre geográfico como elemento inicial |
Internet |
| Subdivisión de materia general |
Aspectes ètics i morals |
| Subdivisión geográfica |
Espanya |
| Fuente del encabezamiento o término |
lemac |
| 9 (RLIN) |
3903 |
| 650 07 - PUNTO DE ACCESO ADICIONAL DE MATERIA - TÉRMINO DE MATERIA |
| Término de materia o nombre geográfico como elemento inicial |
Tecnologia de la informació |
| Subdivisión de materia general |
Aspectes socials |
| Subdivisión geográfica |
Espanya |
| Fuente del encabezamiento o término |
lemac |
| 9 (RLIN) |
3508 |
| 710 ## - PUNTO DE ACCESO ADICIONAL - NOMBRE DE ENTIDAD |
| Nombre de entidad o nombre de jurisdicción como elemento inicial |
Fundación Telefónica |
| 9 (RLIN) |
4583 |
| 856 ## - LOCALIZACIÓN Y ACCESO ELECTRÓNICO |
| Identificador Uniforme del Recurso (URI) |
<a href="http://www.fundaciontelefonica.com/arte_cultura/publicaciones-listado/">http://www.fundaciontelefonica.com/arte_cultura/publicaciones-listado/</a> |
| Texto del enlace |
Disponible en línia des de l'any 2006 |
| Nota pública |
(Accés en línia) |
| 942 ## - ENTRADA DE ELEMENTOS AGREGADOS (KOHA) |
| Koha [por defecto] tipo de item |
Publicacions periòdiques en línia |